Las actividades extracurriculares : un planteamiento de superación académica mediante su extensión (Record no. 61886)

MARC details
000 -CABECERA
campo de control de longitud fija 00661nam a2200205 a 4500
005 - FECHA Y HORA DE LA ÚLTIMA TRANSACCIÓN
campo de control 20210219152840.0
008 - ELEMENTOS DE LONGITUD FIJA--INFORMACIÓN GENERAL
campo de control de longitud fija 991125n 000 0 spa u
035 ## - NÚMERO DE CONTROL DEL SISTEMA
Número de control de sistema UPN01000062789
100 ## - ASIENTO PRINCIPAL--NOMBRE PERSONAL
Nombre de persona SANCHEZ MARTINEZ, Armando
222 ## - TÍTULO CLAVE
Título clave PEDAGOGIA : REVISTA DE LA UNIVERSIDAD PEDAGOGICA NACIONAL
245 ## - MENCIÓN DE TÍTULO
Título Las actividades extracurriculares : un planteamiento de superación académica mediante su extensión
300 ## - DESCRIPCIÓN FÍSICA
Extensión 37-38
362 ## - FECHAS DE PUBLICACIÓN Y/O DESIGNACIÓN SECUENCIAL
Fecha de publicación y/o designación secuencial 1989 Vol. 6, no. 18 abr.-jun.
653 0# - TERMINO DE INDIZACION - NO CONTROLADO
Término no controlado ACTIVIDADES EXTRAESCOLARES
653 0# - TERMINO DE INDIZACION - NO CONTROLADO
Término no controlado ACTUALIZACION ACADEMICA
653 0# - TERMINO DE INDIZACION - NO CONTROLADO
Término no controlado EDUCACION SUPERIOR
653 0# - TERMINO DE INDIZACION - NO CONTROLADO
Término no controlado UNAM
904 ## - ELEMENTOS DE DATOS D LOCAL, LDD (RLIN)
a AC
b 000600
905 ## - TIPO DE MATERIAL
Tipo de material Articulo

No items available.